Supplement to the law and practive of income tax (Record no. 371095)

000 -LEADER
fixed length control field 00413cam a22001337a 4500
008 - FIXED-LENGTH DATA ELEMENTS--GENERAL INFORMATION
fixed length control field 180718b1959 xxu||||| |||| 00| 0 eng d
082 ## - DEWEY DECIMAL CLASSIFICATION NUMBER
Classification number L243x54 K131su
100 ## - MAIN ENTRY--PERSONAL NAME
Personal name Jamshedji B., Kanga
245 ## - TITLE STATEMENT
Title Supplement to the law and practive of income tax
Statement of responsibility, etc. by Jamshedji B. Kanga and N.A. Palkhivala
260 ## - PUBLICATION, DISTRIBUTION, ETC.
Place of publication, distribution, etc. Bombay
Name of publisher, distributor, etc. Triapthi
Date of publication, distribution, etc. 1959
300 ## - PHYSICAL DESCRIPTION
Extent 326p.
650 ## - SUBJECT ADDED ENTRY--TOPICAL TERM
Topical term or geographic name entry element Income tax - India
700 ## - ADDED ENTRY--PERSONAL NAME
Personal name Palkhivala, N.A.
Holdings
Withdrawn status Lost status Damaged status Not for loan Permanent Location Current Location Date acquired Full call number Barcode Date last seen Price effective from Koha item type
        Indian Institute of Public Administration Indian Institute of Public Administration 1994-06-09 L243x54 K131su 20620 2018-07-21 2018-07-21 Book

Powered by Koha